[Event "Mitropa Cup Women 2019"]
[Site "Radenci"]
[Date "2019.06.02"]
[Round "7.14"]
[White "Santeramo, Alessia"]
[Black "De Seroux, Camille"]
[Result "1-0"]
[WhiteElo "2074"]
[BlackElo "2143"]
[Annotator "TA"]
[PlyCount "123"]
[EventDate "2019.05.27"]
[EventType "team-tourn"]
[EventCountry "SLO"]
[SourceTitle "playchess.com"]
[Source "ChessBase"]
[SourceQuality "1"]
[WhiteTeam "Italy"]
[BlackTeam "Switzerland"]
[WhiteTeamCountry "ITA"]
[BlackTeamCountry "SUI"]

{[%evp 13,123,13,18,22,25,21,20,31,24,37,31,20,14,19,23,-12,-9,-91,-1,-104,-102,-117,-109,-95,-97,-240,-54,-97,-76,-56,-22,-24,-15,-18,0,-29,-16,-4,22,0,0,0,0,-19,-10,-13,0,0,0,0,0,0,30,-36,-28,-26,-18,-60,0,0,24,24,25,31,25,0,0,0,0,0,0,0,0,0,0,0,0,0,20,20,41,-42,8,16,67,66,67,64,388,388,186,186,684,388,388,388,388,347,29972,29973,29971,29971,29980,29981,29981,29982,29982,29982,29982,29983,29998,29999]} 1. e4 c5 2. Nf3 d6 3. Bb5+ Nd7 4. c3 Ngf6 5. Qe2 a6 6. Ba4 b5 7. Bc2 e5 8. d4 {B51: Sicilian: Moscow Variation (3 Bb5+) without 3...Bd7} cxd4 9. cxd4 Be7 10. O-O {The position is equal.} O-O 11. Nc3 Bb7 12. d5 $146 ({Predecessor:} 12. a3 Rc8 13. Rd1 exd4 14. Rxd4 Re8 15. Bg5 Qc7 {½-½ (57) Kamsky,G (2741)-Topalov,V (2771) Zug 2013}) 12... Rc8 13. h3 Qc7 14. Bd3 Nc5 15. Bg5 (15. Be3 $11) 15... h6 (15... Nh5 $17 {...Bxg5 is the strong threat.} 16. Bc2 b4) 16. Bd2 (16. Be3 $11 {keeps the balance.}) 16... b4 $17 17. Nd1 {[%cal Bc3d1,Bd1e3,Be3c4][%mdl 32]} Nxd3 18. Qxd3 Qc4 $1 {[%cal Rc4d3]} 19. Qe3 (19. Qxc4 $17 {keeps fighting.} Rxc4 20. Ne3 Rxe4 21. Rfc1 Nxd5 22. Nf5) 19... Qxe4 $2 (19... Nxe4 $19 20. Qb6 Nxd2 21. Nxd2 Qc7 22. Qxc7 Rxc7) 20. Qxe4 $15 Nxe4 21. Bxb4 Rc7 22. Ne3 Rfc8 23. Rfe1 Bf8 24. Rad1 g6 25. b3 Nc5 26. Nc4 e4 27. Bxc5 Rxc5 28. Nfd2 f5 29. Nb6 Rd8 $36 {[%mdl 2048] Black has good play.} 30. Ndc4 a5 31. f3 exf3 32. gxf3 a4 33. Kf2 (33. b4 $11 Rb5 34. a3) 33... axb3 34. axb3 Rb5 35. Rd3 Ba6 (35... Bg7 $15 36. Re6 g5) 36. Rde3 $11 Kf7 37. Ra1 Bb7 $1 38. Ra7 Rb8 39. Nd7 Ra8 40. Rxa8 Bxa8 41. Nxf8 Kxf8 42. Nxd6 {[%mdl 4096] Endgame KRB-KRN} Rb8 43. b4 {[%cal Bb3b4,Bb4b5][%mdl 32]} Bxd5 44. Re5 Bb3 45. b5 Ba4 46. Ke3 Rb6 47. Re8+ Kg7 48. Re6 Kh7 (48... Rb8 $11) 49. Kd4 $1 $14 {[%cal Rd4c5] Strongly threatening Kc5.} Bxb5 50. Kc5 $1 {[%csl LRb5,LRb6][%mdl 64] Double Attack} Rxd6 $2 {[%mdl 8192] [#] KRB-KR} (50... Rc6+ $1 $14 51. Kxb5 Rc3) 51. Re7+ $1 $18 ({Less strong is} 51. Kxd6 g5 $16) ({Weaker is} 51. Rxd6 Be2 $16) 51... Kg8 52. Kxd6 {Black must now prevent Ke5. KR-KB} Bc4 $2 (52... Bf1 53. h4 g5) 53. Re1 Kg7 {[#]} 54. Ke5 $1 Bf7 55. Rc1 h5 $2 (55... f4 $18 56. Kxf4 Kf6 57. Rc6+ Be6) 56. h4 {White mates.} Bb3 57. Rc7+ Kh6 58. f4 Ba2 59. Kf6 Bg8 60. Ra7 Bd5 61. Rg7 Bf7 62. Rxf7 {Accuracy: White = 43%, Black = 33%.} 1-0

[Event "Mitropa Cup Women 2019"]
[Site "Radenci"]
[Date "2019.06.02"]
[Round "7.15"]
[White "Hund, Barbara"]
[Black "Palma, Maria"]
[Result "0-1"]
[WhiteElo "2127"]
[BlackElo "2018"]
[Annotator "TA"]
[PlyCount "120"]
[EventDate "2019.05.27"]
[EventType "team-tourn"]
[EventCountry "SLO"]
[SourceTitle "playchess.com"]
[Source "ChessBase"]
[SourceQuality "1"]
[WhiteTeam "Switzerland"]
[BlackTeam "Italy"]
[WhiteTeamCountry "SUI"]
[BlackTeamCountry "ITA"]

{[%evp 20,120,46,25,57,50,47,34,33,11,45,44,58,44,89,50,73,68,66,20,55,66,78,0,85,-97,-88,-81,-100,-96,-66,-181,-175,-249,-247,-247,-193,-330,-253,-205,-140,-140,-133,-453,-388,-332,-117,-117,-110,-110,-102,-102,-110,-131,-131,-147,-131,-131,-137,-181,-181,-164,-127,-185,-185,-175,-162,-401,-404,-415,-420,-400,-402,-388,-387,-671,-661,-649,-640,-864,-856,-840,-834,-1148,-1040,-6087,-5917,-11964,-6947,-4134,-3550,-29973,-29974,-29975,-29976,-29976,-29976,-29978,-29979,-29976,-29970,-29983,-29984]} 1. e4 c5 2. Nf3 g6 3. d4 cxd4 4. Nxd4 Bg7 5. c4 Nc6 6. Be3 Nf6 7. Nc3 O-O 8. Be2 b6 9. O-O Bb7 10. f3 e6 11. Nxc6 Bxc6 {B38: Sicilian: Maroczy Bind with 5...Bg7 and 7...0-0} 12. Qd6 (12. Qd2 d5 13. cxd5 exd5 14. e5 Ne8 15. f4 f6 16. Bd4 fxe5 17. fxe5 Nc7 18. Rxf8+ Qxf8 19. Bg4 {½-½ (48) Meskovs,N (2490)-Shaposhnikov,E (2557) chess.com INT 2017}) 12... Ne8 13. Qd2 Qe7 {White is slightly better.} 14. a3 $146 ({Predecessor:} 14. Rad1 f5 15. exf5 gxf5 16. f4 Rc8 17. Bd4 Nd6 18. b3 Ne4 19. Nxe4 Bxe4 20. Bxg7 Qxg7 {1-0 (52) Petriashvili,N (2343)-Sankalp,G (2352) Porto Carras 2018}) 14... Rd8 15. Rfe1 Nc7 16. Bf1 d6 17. a4 Na6 18. a5 Nc5 19. Qc2 bxa5 20. Rxa5 Rb8 21. Nb5 ({White should play} 21. Rb1 $1 $16) 21... Bxb5 (21... a6 $1 $11 22. b4 axb5 23. cxb5 Nb7 24. bxc6 Nxa5 25. bxa5 Rb2) 22. Rxb5 $2 (22. cxb5 $16 {is forced if you want to stay better. Strongly threatening b4.} Rbc8 23. Rc1) 22... a6 $1 $17 {[%cal Ra6b5]} 23. Rxb8 Rxb8 24. Rb1 Rb4 25. Bd2 (25. f4 $15) 25... Rb3 $19 26. Bf4 (26. Qd1 {was called for.}) 26... Bd4+ 27. Kh1 e5 28. Bh6 (28. Bd2 {might work better.}) 28... Qb7 29. Qd2 f6 ({Resist} 29... Rxb2 30. Qa5 $1 $17 {[%mdl 512]}) 30. Qa5 {Black should prevent Qd8+.} Qb8 31. Be2 $2 {[%mdl 8192] [#]} (31. Bd2 $17) 31... Bc3 $1 {[%mdl 512]} 32. Qa2 (32. bxc3 Rxb1+) 32... Rxb2 $2 ({Less strong is} 32... Bxb2 33. Bd2 $17) (32... Qb4 $19 {has better winning chances. aiming for ...Bd4.} 33. h3 a5) 33. Rxb2 $17 Qxb2 34. Qxb2 Bxb2 $19 {[%mdl 4096] Endgame KBB-KBN} 35. Bd2 Bd4 36. Bb4 Kf7 37. g3 Ke7 38. Kg2 Kd7 39. Kf1 {[#]} Kc6 $1 40. Ke1 Nb7 41. Kd2 (41. Kd1 $17) 41... Bc5 42. Bc3 a5 43. Bd1 $2 (43. Kc2) 43... Bb4 44. Ba4+ Kc5 45. Kd3 Bxc3 46. Kxc3 {KB-KN} Nd8 47. f4 $2 (47. h4) 47... exf4 48. gxf4 Ne6 49. f5 gxf5 50. exf5 Nd4 51. Bd7 h5 52. h4 Nf3 53. Be8 Nxh4 54. Bg6 a4 55. Bxh5 Nxf5 {Black mates.} 56. Be8 a3 57. Kb3 Ne3 58. Kxa3 Kxc4 59. Kb2 f5 60. Kc1 Kc3 {Accuracy: White = 28%, Black = 56%.} 0-1

[Event "Mitropa Cup Women 2019"]
[Site "Radenci"]
[Date "2019.06.02"]
[Round "7.16"]
[White "Raccanello, Marianna"]
[Black "Hund, Sarah"]
[Result "1-0"]
[WhiteElo "2019"]
[BlackElo "2016"]
[Annotator "NA"]
[PlyCount "65"]
[EventDate "2019.05.27"]
[EventType "team-tourn"]
[EventCountry "SLO"]
[SourceTitle "playchess.com"]
[Source "ChessBase"]
[SourceQuality "1"]
[WhiteTeam "Italy"]
[BlackTeam "Switzerland"]
[WhiteTeamCountry "ITA"]
[BlackTeamCountry "SUI"]
[TimeControl "40/5400+30:1800+30"]

1. e4 {[%emt 0:00:00]} e5 {[%emt 0:00:00]} 2. Nf3 {[%emt 0:00:00]} Nc6 {[%emt 0:00:00]} 3. Bc4 {[%emt 0:00:00]} Bc5 {[%emt 0:00:07]} 4. c3 {[%emt 0:00:07]} Nf6 {[%emt 0:00:11]} 5. d3 {[%emt 0:00:07]} d6 {[%emt 0:00:39]} 6. Bb3 {[%emt 0:00:26]} a5 {[%emt 0:00:44]} 7. Nbd2 {[%emt 0:03:33]} h6 {[%emt 0:03:43]} 8. Nf1 {[%emt 0:02:07]} Ng4 {[%emt 0:02:25]} 9. d4 {[%emt 0:04:26]} exd4 {[%emt 0:03:52]} 10. cxd4 {[%emt 0:00:07]} Bb4+ {[%emt 0:00:28]} 11. Bd2 {[%emt 0:00:18]} Qe7 {[%emt 0:01:48]} 12. Ng3 {[%emt 0:01:15]} O-O {[%emt 0:04:14]} 13. O-O {[%emt 0:00:13]} Nf6 {[%emt 0:00:52]} 14. Re1 {[%emt 0:01:48]} Bxd2 {[%emt 0:02:51]} 15. Qxd2 {[%emt 0:00:08]} Bg4 {[%emt 0:00:20]} 16. Nh4 {[%emt 0:04:40]} Rfe8 {[%emt 0:03:38]} 17. f3 {[%emt 0:06:27]} Bd7 {[%emt 0:03:08]} 18. Nhf5 {[%emt 0:00:30]} Qf8 {[%emt 0:03:13]} 19. Rac1 {[%emt 0:02:19]} Rec8 {[%emt 0:05:16]} 20. e5 {[%emt 0:02:39]} dxe5 {[%emt 0:03:17]} 21. dxe5 {[%emt 0:00:07]} Bxf5 {[%emt 0:00:30]} 22. Nxf5 {[%emt 0:01:56]} Rd8 {[%emt 0:01:15]} 23. Qf2 {[%emt 0:00:07]} Nd5 {[%emt 0:01:20]} 24. Qg3 {[%emt 0:08:39]} g6 {[%emt 0:07:44]} 25. e6 {[%emt 0:01:30]} Kh7 {[%emt 0:03:29]} 26. Nh4 {[%emt 0:10:09]} Nce7 {[%emt 0:02:49]} 27. exf7 {[%emt 0:02:42]} Qxf7 {[%emt 0:07:26]} 28. Rxc7 {[%emt 0:00:57]} g5 {[%emt 0:04:39]} 29. Bxd5 {[%emt 0:02:28]} Qxd5 {[%emt 0:00:19]} 30. Rexe7+ {[%emt 0:00:16]} Kg8 {[%emt 0:00:16]} 31. Rg7+ {[%emt 0:00:10]} Kf8 {[%emt 0:00:08]} 32. Ng6+ {[%emt 0:00:05]} Ke8 {[%emt 0:00:04]} 33. Rce7# {[%emt 0:00:06]} 1-0

[Event "Mitropa Cup Women 2019"]
[Site "Radenci"]
[Date "2019.06.03"]
[Round "8.1"]
[White "Havanecz, Bianka"]
[Black "Georgescu, Lena"]
[Result "1/2-1/2"]
[WhiteElo "2279"]
[BlackElo "2191"]
[Annotator "ChessBase"]
[PlyCount "61"]
[EventDate "2019.05.27"]
[EventType "team-tourn"]
[EventCountry "SLO"]
[SourceTitle "playchess.com"]
[Source "ChessBase"]
[SourceQuality "1"]
[WhiteTeam "Hungary"]
[BlackTeam "Switzerland"]
[WhiteTeamCountry "HUN"]
[BlackTeamCountry "SUI"]
[TimeControl "40/5400+30:1800+30"]

1. Nf3 {[%emt 0:00:00]} Nf6 {[%emt 0:00:00]} 2. g3 {[%emt 0:00:00]} d5 {[%emt 0:00:00]} 3. Bg2 {[%emt 0:00:00]} c6 {[%emt 0:00:00]} 4. O-O {[%emt 0:00:00]} Bg4 {[%emt 0:00:00]} 5. c4 {[%emt 0:00:00]} e6 {[%emt 0:00:02]} 6. cxd5 {[%emt 0:00:36]} exd5 {[%emt 0:00:12]} 7. d3 {[%emt 0:00:14]} Nbd7 {[%emt 0:02:31]} 8. Qb3 {[%emt 0:00:13]} Nc5 {[%emt 0:03:58]} 9. Qc2 {[%emt 0:00:05]} Be7 {[%emt 0:04:29]} 10. Nc3 {[%emt 0:00:42]} Bxf3 {[%emt 0:08:17]} 11. Bxf3 {[%emt 0:00:08]} d4 {[%emt 0:02:41]} 12. Nb1 {[%emt 0:01:39]} O-O {[%emt 0:01:36]} 13. b4 {[%emt 0:04:51]} Ne6 {[%emt 0:01:11]} 14. Bd2 {[%emt 0:02:56]} Qd7 {[%emt 0:05:44]} 15. a4 {[%emt 0:00:33]} Rfe8 {[%emt 0:06:47]} 16. Na3 {[%emt 0:00:40]} Nd5 {[%emt 0:02:16]} 17. Qb3 {[%emt 0:03:12]} Bg5 {[%emt 0:03:22]} 18. Ra2 {[%emt 0:16:20]} Bxd2 {[%emt 0:01:25]} 19. Rxd2 {[%emt 0:00:01]} Ng5 {[%emt 0:03:14]} 20. Bxd5 {[%emt 0:06:37]} cxd5 {[%emt 0:03:33]} 21. Nb5 {[%emt 0:14:14]} Rxe2 {[%emt 0:20:04]} 22. Rxe2 {[%emt 0:00:06]} Nf3+ {[%emt 0:00:34]} 23. Kg2 {[%emt 0:00:04]} Nh4+ {[%emt 0:04:24]} 24. Kg1 {[%emt 0:05:27]} Nf3+ {[%emt 0:01:05]} 25. Kg2 {[%emt 0:00:04]} Nh4+ {[%emt 0:00:21]} 26. gxh4 {[%emt 0:01:15]} Qg4+ {[%emt 0:00:07]} 27. Kh1 {[%emt 0:00:03]} Qf3+ {[%emt 0:01:09]} 28. Kg1 {[%emt 0:00:04]} Qg4+ {[%emt 0:00:09]} 29. Kh1 {[%emt 0:00:04]} Qf3+ {[%emt 0:00:14]} 30. Kg1 {[%emt 0:00:05]} Qg4+ {[%emt 0:00:03]} 31. Kh1 {[%emt 0:00:03]} 1/2-1/2

[Event "Mitropa Cup Women 2019"]
[Site "Radenci"]
[Date "2019.06.03"]
[Round "8.2"]
[White "De Seroux, Camille"]
[Black "Juhasz, Barbara"]
[Result "1/2-1/2"]
[WhiteElo "2143"]
[BlackElo "2207"]
[Annotator "RC"]
[PlyCount "117"]
[EventDate "2019.05.27"]
[EventType "team-tourn"]
[EventCountry "SLO"]
[SourceTitle "playchess.com"]
[Source "ChessBase"]
[SourceQuality "1"]
[WhiteTeam "Switzerland"]
[BlackTeam "Hungary"]
[WhiteTeamCountry "SUI"]
[BlackTeamCountry "HUN"]
[TimeControl "40/5400+30:1800+30"]

1. e4 {[%emt 0:00:00]} c5 {[%emt 0:00:00]} 2. Nf3 {[%emt 0:00:00]} Nc6 {[%emt 0:00:00]} 3. Nc3 {[%emt 0:00:42]} g6 {[%emt 0:00:09]} 4. d4 {[%emt 0:04:59]} cxd4 {[%emt 0:00:04]} 5. Nxd4 {[%emt 0:00:04]} Bg7 {[%emt 0:00:05]} 6. Be3 {[%emt 0:00:14]} Nf6 {[%emt 0:00:37]} 7. Bc4 {[%emt 0:00:34]} d6 {[%emt 0:00:07]} 8. f3 {[%emt 0:01:50]} Qb6 {[%emt 0:00:53]} 9. O-O {[%emt 0:39:38]} O-O {[%emt 0:25:34]} 10. Bb3 {[%emt 0:03:04]} Ng4 11. fxg4 {[%emt 0:15:06]} Bxd4 {[%emt 0:14:32]} 12. Bxd4 {[%emt 0:00:27]} Qxd4+ {[%emt 0:03:05]} 13. Qxd4 {[%emt 0:00:30]} Nxd4 {[%emt 0:00:05]} 14. h3 {[%emt 0:11:08]} Be6 {[%emt 0:12:09]} 15. Nd5 {[%emt 0:01:42]} Bxd5 {[%emt 0:01:22]} 16. exd5 {[%emt 0:01:23]} Rfc8 {[%emt 0:15:02]} 17. c3 {[%emt 0:00:40]} Nxb3 {[%emt 0:00:04]} 18. axb3 {[%emt 0:00:03]} Rc5 {[%emt 0:00:47]} 19. Rfd1 {[%emt 0:06:04]} Rb5 {[%emt 0:04:28]} 20. b4 {[%emt 0:02:42]} a6 {[%emt 0:00:03]} 21. Rd4 {[%emt 0:02:43]} Rc8 {[%emt 0:00:24]} 22. Kf2 {[%emt 0:01:01]} Rd8 {[%emt 0:09:55]} 23. Ke3 {[%emt 0:01:44]} e5 {[%emt 0:00:16]} 24. dxe6 {[%emt 0:00:22]} fxe6 {[%emt 0:00:03]} 25. Rad1 {[%emt 0:02:20]} Re5+ {[%emt 0:00:15]} 26. Re4 {[%emt 0:01:05]} Rxe4+ {[%emt 0:00:20]} 27. Kxe4 {[%emt 0:00:02]} Kf7 {[%emt 0:00:12]} 28. Ra1 {[%emt 0:02:43]} Ke7 {[%emt 0:00:38]} 29. Ra5 {[%emt 0:00:21]} Kd7 {[%emt 0:00:17]} 30. h4 {[%emt 0:00:35]} Rf8 {[%emt 0:01:49]} 31. h5 {[%emt 0:00:34]} e5 {[%emt 0:01:10]} 32. hxg6 {[%emt 0:00:36]} hxg6 {[%emt 0:00:04]} 33. g3 {[%emt 0:00:19]} Rf2 {[%emt 0:06:50]} 34. b5 {[%emt 0:00:18]} Rxb2 {[%emt 0:00:06]} 35. bxa6 {[%emt 0:00:11]} bxa6 {[%emt 0:00:04]} 36. Rxa6 {[%emt 0:00:15]} Re2+ {[%emt 0:02:35]} 37. Kd5 {[%emt 0:00:48]} Rd2+ {[%emt 0:00:04]} 38. Ke4 {[%emt 0:00:27]} Ke6 {[%emt 0:00:21]} 39. Rc6 {[%emt 0:01:40]} Rc2 {[%emt 0:03:00]} 40. Rc8 {[%emt 0:00:00]} Rc1 {[%emt 0:00:00]} 41. Rg8 {[%emt 0:16:29]} d5+ {[%emt 0:10:35]} 42. Kd3 {[%emt 0:01:17]} e4+ {[%emt 0:03:19]} 43. Kd2 {[%emt 0:05:10]} Rg1 {[%emt 0:00:04]} 44. Rxg6+ {[%emt 0:01:00]} Ke5 {[%emt 0:00:03]} 45. Rg5+ {[%emt 0:05:00]} Kd6 {[%emt 0:00:06]} 46. Rg8 {[%emt 0:01:09]} Rg2+ {[%emt 0:00:46]} 47. Ke3 {[%emt 0:01:18]} Rxg3+ {[%emt 0:00:05]} 48. Kd2 {[%emt 0:00:07]} Ke5 {[%emt 0:01:49]} 49. Re8+ {[%emt 0:02:12]} Kf4 {[%emt 0:00:15]} 50. Rf8+ {[%emt 0:00:31]} Ke5 {[%emt 0:02:02]} 51. Re8+ {[%emt 0:00:11]} Kf6 {[%emt 0:00:25]} 52. c4 {[%emt 0:01:23]} Rg2+ {[%emt 0:01:54]} 53. Ke3 {[%emt 0:00:40]} dxc4 {[%emt 0:02:49]} 54. Rxe4 {[%emt 0:00:21]} Rc2 {[%emt 0:01:15]} 55. Kd4 {[%emt 0:00:26]} Rc1 {[%emt 0:00:16]} 56. Re3 {[%emt 0:00:19]} Kg5 {[%emt 0:00:06]} 57. Rc3 {[%emt 0:00:10]} Rxc3 {[%emt 0:00:04]} 58. Kxc3 {[%emt 0:00:03]} Kxg4 {[%emt 0:00:05]} 59. Kxc4 {[%emt 0:00:04]} 1/2-1/2

[Event "Mitropa Cup Women 2019"]
[Site "Radenci"]
[Date "2019.06.03"]
[Round "8.3"]
[White "Varga, Klara"]
[Black "Hund, Barbara"]
[Result "1/2-1/2"]
[WhiteElo "2146"]
[BlackElo "2127"]
[Annotator "RC"]
[PlyCount "129"]
[EventDate "2019.05.27"]
[EventType "team-tourn"]
[EventCountry "SLO"]
[SourceTitle "playchess.com"]
[Source "ChessBase"]
[SourceQuality "1"]
[WhiteTeam "Hungary"]
[BlackTeam "Switzerland"]
[WhiteTeamCountry "HUN"]
[BlackTeamCountry "SUI"]
[TimeControl "40/5400+30:1800+30"]

1. c4 {[%emt 0:00:00]} Nf6 {[%emt 0:00:00]} 2. Nc3 {[%emt 0:00:00]} d5 {[%emt 0:00:04]} 3. cxd5 {[%emt 0:00:00]} Nxd5 {[%emt 0:00:09]} 4. Nf3 {[%emt 0:00:23]} Nc6 {[%emt 0:01:00]} 5. g3 {[%emt 0:12:01]} e5 {[%emt 0:04:02]} 6. Bg2 {[%emt 0:00:02]} Nxc3 {[%emt 0:01:22]} 7. bxc3 {[%emt 0:00:40]} Bc5 {[%emt 0:02:06]} 8. Qc2 {[%emt 0:12:05]} O-O {[%emt 0:06:14]} 9. O-O {[%emt 0:00:15]} Qf6 {[%emt 0:06:46]} 10. d3 {[%emt 0:10:44]} Bf5 {[%emt 0:04:25]} 11. h3 {[%emt 0:05:31]} Rfe8 {[%emt 0:01:44]} 12. Nh4 {[%emt 0:01:52]} Be6 {[%emt 0:04:09]} 13. Kh2 {[%emt 0:03:01]} Qe7 {[%emt 0:05:28]} 14. Bb2 {[%emt 0:15:32]} Rad8 {[%emt 0:06:06]} 15. e4 {[%emt 0:13:31]} Ba3 {[%emt 0:10:40]} 16. Rad1 {[%emt 0:00:37]} Qc5 {[%emt 0:03:25]} 17. Bxa3 {[%emt 0:03:04]} Qxa3 {[%emt 0:01:01]} 18. Rd2 {[%emt 0:00:06]} Rd7 {[%emt 0:05:49]} 19. Rfd1 {[%emt 0:04:32]} Red8 {[%emt 0:00:55]} 20. Nf3 {[%emt 0:00:12]} f6 {[%emt 0:05:21]} 21. d4 {[%emt 0:00:52]} exd4 {[%emt 0:10:24]} 22. cxd4 {[%emt 0:07:10]} Bf7 {[%emt 0:01:57]} 23. Rb1 {[%emt 0:01:40]} Nb4 {[%emt 0:04:15]} 24. Qb2 {[%emt 0:01:21]} Qxb2 {[%emt 0:01:21]} 25. Rbxb2 {[%emt 0:01:03]} c5 {[%emt 0:01:37]} 26. a3 {[%emt 0:01:12]} Na6 {[%emt 0:01:35]} 27. d5 {[%emt 0:00:07]} c4 {[%emt 0:02:42]} 28. Rdc2 {[%emt 0:00:14]} Rc7 {[%emt 0:00:19]} 29. Bf1 {[%emt 0:00:23]} f5 {[%emt 0:00:42]} 30. Rxc4 {[%emt 0:04:26]} fxe4 {[%emt 0:02:28]} 31. Rxc7 {[%emt 0:01:28]} Nxc7 {[%emt 0:00:02]} 32. Rxb7 {[%emt 0:00:23]} exf3 {[%emt 0:03:02]} 33. Rxc7 {[%emt 0:00:04]} Bxd5 {[%emt 0:01:26]} 34. Rxa7 {[%emt 0:00:29]} g6 {[%emt 0:01:44]} 35. g4 {[%emt 0:00:32]} Rc8 {[%emt 0:01:04]} 36. Rd7 {[%emt 0:01:03]} Be6 {[%emt 0:00:33]} 37. Rd6 {[%emt 0:00:38]} Kf7 {[%emt 0:00:41]} 38. Kg3 {[%emt 0:00:25]} Rc1 {[%emt 0:00:58]} 39. Bb5 {[%emt 0:00:18]} Rg1+ {[%emt 0:00:28]} 40. Kxf3 {[%emt 0:00:00]} h5 {[%emt 0:00:00]} 41. Rd4 {[%emt 0:04:00]} hxg4+ {[%emt 0:01:46]} 42. hxg4 {[%emt 0:00:27]} Kf6 {[%emt 0:00:08]} 43. Be2 {[%emt 0:16:25]} Ra1 {[%emt 0:03:12]} 44. a4 {[%emt 0:01:16]} g5 {[%emt 0:00:57]} 45. Ke3 {[%emt 0:00:39]} Ke5 {[%emt 0:03:20]} 46. Re4+ {[%emt 0:00:50]} Kd6 {[%emt 0:00:35]} 47. Rb4 {[%emt 0:00:40]} Bd7 {[%emt 0:02:53]} 48. Rb6+ {[%emt 0:02:15]} Ke7 {[%emt 0:01:36]} 49. Rb7 {[%emt 0:03:14]} Kd6 {[%emt 0:00:57]} 50. f3 {[%emt 0:02:12]} Ra3+ {[%emt 0:00:38]} 51. Kf2 {[%emt 0:02:08]} Ra2 {[%emt 0:00:37]} 52. Rb6+ {[%emt 0:02:51]} Ke5 {[%emt 0:01:49]} 53. Rg6 {[%emt 0:00:43]} Kf4 {[%emt 0:01:42]} 54. Rf6+ {[%emt 0:00:17]} Ke5 {[%emt 0:00:16]} 55. Rg6 {[%emt 0:00:30]} Kf4 {[%emt 0:00:06]} 56. Rf6+ {[%emt 0:00:03]} Ke5 {[%emt 0:00:10]} 57. Rf7 {[%emt 0:00:30]} Be6 {[%emt 0:02:17]} 58. Rc7 {[%emt 0:01:09]} Rxa4 {[%emt 0:01:08]} 59. Ke3 {[%emt 0:00:13]} Ra3+ {[%emt 0:01:22]} 60. Bd3 {[%emt 0:00:03]} Kd6 {[%emt 0:01:32]} 61. Rc1 {[%emt 0:00:45]} Bd5 {[%emt 0:01:05]} 62. Rd1 {[%emt 0:01:15]} Ke5 {[%emt 0:02:43]} 63. Re1 {[%emt 0:00:11]} Kd6 {[%emt 0:01:05]} 64. Rd1 {[%emt 0:00:05]} Ke5 {[%emt 0:00:04]} 65. Re1 {[%emt 0:00:05]} 1/2-1/2